000
00251nam a22001217a 4500
008
171123b xxu||||| |||| 00| 0 eng d
041
_a
eng
080
_a
004
100
_a
33
101
_a
SHK
245
_a
PROGARMMING
_c
MAURER.D.W
942
_2
udc
_c
BK
999
_c
38385
_d
38385